Cahuilla Indian culture ecology / (Record no. 367657)

MARC details
000 -LEADER
fixed length control field 00854nam a2200289 a 4500
001 - CONTROL NUMBER
control field vtls000410708
003 - CONTROL NUMBER IDENTIFIER
control field NLI
005 - DATE AND TIME OF LATEST TRANSACTION
control field 20210603110758.0
008 - FIXED-LENGTH DATA ELEMENTS--GENERAL INFORMATION
fixed length control field 110218s1970 miu m 000 0 eng
020 ## - INTERNATIONAL STANDARD BOOK NUMBER
Terms of availability USD 37.40
039 #9 - LEVEL OF BIBLIOGRAPHIC CONTROL AND CODING DETAIL [OBSOLETE]
-- 201102182134
-- Entertech_02
040 0# - CATALOGING SOURCE
Original cataloging agency NLI
Language of cataloging eng
Transcribing agency Entertech-2011
Description conventions AACR2
041 0# - LANGUAGE CODE
Language code of text/sound track or separate title eng
044 ## - COUNTRY OF PUBLISHING/PRODUCING ENTITY CODE
MARC country code miu
082 04 - DEWEY DECIMAL CLASSIFICATION NUMBER
Classification number 974.5
100 1# - MAIN ENTRY--PERSONAL NAME
Personal name John, Bean Lowell
9 (RLIN) 594885
245 10 - TITLE STATEMENT
Title Cahuilla Indian culture ecology /
Statement of responsibility, etc. Bean Lowell John
260 ## - PUBLICATION, DISTRIBUTION, ETC.
Place of publication, distribution, etc. Michigan :
Name of publisher, distributor, etc. University Microfilms International,
Date of publication, distribution, etc. 1970
300 ## - PHYSICAL DESCRIPTION
Extent xv, 295 p. ;
Dimensions 21 cm.
500 ## - GENERAL NOTE
General note Thesis (Ph.D.) - University of California
650 #0 - SUBJECT ADDED ENTRY--TOPICAL TERM
Topical term or geographic name entry element Human ecology
Geographic subdivision India
9 (RLIN) 1617
887 ## - NON-MARC INFORMATION FIELD
Content of non-MARC field
901 ## - LOCAL DATA ELEMENT A, LDA (RLIN)
a 491374
b 01.10.1986
902 ## - LOCAL DATA ELEMENT B, LDB (RLIN)
a E 974.5 B 375
942 ## - ADDED ENTRY ELEMENTS (KOHA)
Source of classification or shelving scheme Dewey Decimal Classification
Koha item type Books
949 ## - LOCAL PROCESSING INFORMATION (OCLC)
-- VIRTUAITEM
-- 10000
-- 100
6 PUR000491374ENG
Holdings
Withdrawn status Lost status Damaged status Not for loan Collection code Home library Current library Shelving location Date acquired Total Checkouts Full call number Barcode Date last seen Price effective from Koha item type
        New English National Library of India National Library of India New English - Main Stack Division     E 974.5 B 375 PUR000491374ENG 03/06/2021 03/06/2021 Books
                                                                           
web counter

Copyright ©2020 The National Library of India, Govt. of India ↔ Hosted by NVLI, MOC ↔ Technology and Design by National Library of India, Ministry of Culture, Govt. of India